000 00427nam a2200181Ia 4500
008 210210b1986 xxu||||| |||| 00| 0 eng d
020 _a81 7033 014 9
082 _a307.7 RIVT
100 _aRIVERS (W H R).
245 _aTodas. Vol 2. Ed 1.
250 _a
260 _aJaipur.
_bRawat Publications.,
_c1986
300 _axviii,755
440 _a2
650 _aTodas
690 _aTribal Communities
906 _a048580
999 _c97344
_d97344